000 00591nam a22002057a 4500
003 OSt
005 20140311163154.0
008 130205t xxu||||| |||| 00| 0 eng d
020 _a9710489930
050 _aKPM880 .S9 2011
_bS9 2011
082 _aKPM880
245 _aThe law on negotiable instruments for business students
_cCarlos B. Suarez, Alexander Q. Suarez
260 _aManila
_bGIC Enterprises
_cc2011
300 _axxxii, 313 p.
_bill.
_c22 cm
521 _aCollege
526 _c1210L-1700L
541 _j1,2
562 _e2
942 _2lcc
_cBK-FIL
_kBSA-FIL
999 _c42340
_d42340